| 000 | 00984cam a2200265 4500 | ||
|---|---|---|---|
| 008 | 050317n2004 000 0 eng u | ||
| 020 | _a1860817289 | ||
| 035 | _a(Sirsi) u129087 | ||
| 041 | _aeng | ||
| 050 |
_a693.82 _c18 |
||
| 100 | _aCox, G. | ||
| 245 | _aFire modelling | ||
| 260 |
_aWatford _bBRE _c2004 |
||
| 300 |
_a8p. _bill. _c30cm. |
||
| 350 | _a12 | ||
| 490 |
_aBRE Digest _v367 |
||
| 520 | _aLooks at the methodologies being used for the computer simulation of fire, focusing on the gas phase phenomenon at the heart of any fire simulation. Explains fire growth and spread, and considers the two basic types of computer simulation models; zone models and field models. | ||
| 520 | _aSupersedes1991 edition (ISBN 0851255094). | ||
| 650 | _aCOMPUTER MODELLING | ||
| 650 | _aFIRE SIMULATION | ||
| 650 | _aMANAGEMENT-HEALTH AND SAFETY-FIRE SAFETY | ||
| 690 | _aBUILT ENVIRONMENT-BUILDING STANDARDS | ||
| 710 | _aBuilding Research Establishment | ||
| 942 | _n0 | ||
| 999 |
_c104097 _d104097 |
||